000 00663nam a2200205Ia 4500
005 20260121110244.0
008 008 260114s9999 xx 000 0 hin d
020 _a9788132302315
037 _aEBOOK
040 _aCRL
_bhin
_cCRL
041 _ahin
_2hin
084 _qCRL
100 _aमाला शर्मा / Mala Sharma
_9943940
245 0 _aआदिवासी संघर्ष की कहानी / Adivasi Sangharsh Ki Kahani
260 _bभाषा प्रकाशन / Bhasha Prakashan
_c2020
856 _uhttps://bhashaprakashan.com/product-details/377915
942 _cEBOOK
999 _c1535605
_d1535605